Normal view
MARC view
- Proakis, John.G Salehi, Masoud
Entry Personal Name
001 - CONTROL NUMBER
- control field: 56499
003 - CONTROL NUMBER IDENTIFIER
- control field: NUST
005 - DATE AND TIME OF LATEST TRANSACTION
- control field: 20210628201720.0
008 - FIXED-LENGTH DATA ELEMENTS
- fixed length control field: 210628|| aca||aabn | a|a d
040 ## - CATALOGING SOURCE
- Original cataloging agency: NUST
- Transcribing agency: NUST
100 ## - HEADING--PERSONAL NAME
- Personal name: Proakis, John.G Salehi, Masoud
670 ## - SOURCE DATA FOUND
- Source citation: Work cat.: (NUST): Proakis, John.G Salehi, Masoud, Contemporary communication systems using matlab, 2000
